Educación religiosa en preescolar y ciclo preparatorio

Gorde:
Xehetasun bibliografikoak
Egile nagusia: Navarro González, María (autora)
Beste egile batzuk: Martínez, Elvira (autora)
Formatua: Liburua
Hizkuntza:gaztelania
Argitaratua: Madrid Narcea 1980
Gaiak:
Etiketak: Etiketa erantsi
Etiketarik gabe, Izan zaitez lehena erregistro honi etiketa jartzen!

MARC

LEADER 00000nam a2200000 a 4500
001 UCW3686
003 CL-VaPUC
008 881213e19800000SP |||||||||||||||||spa|d
082 0 4 |a 377.82  |b NAV  |2 21 
100 |a Navarro González, María  |e autora  |9 479642 
700 |a Martínez, Elvira  |e autora  |9 351895 
245 1 0 |a Educación religiosa en preescolar y ciclo preparatorio 
300 |a 77 p 
942 |c BK 
945 |d 19881213 00:00:00 
260 |a Madrid  |b Narcea  |c 1980 
650 7 |a EDUCACION RELIGIOSA DE NIÑOS  |2 CL-VaPUC  |9 308008 
650 7 |a RELIGION ENSEÑANZA BASICA  |2 CL-VaPUC  |9 308009 
583 |a last modification  |c 19881213 00:00:00  |k Rodrigo Vera 
999 |c 217600  |d 217598 
952 |0 0  |1 0  |4 0  |6 377_820000000000000_NAV_1980  |7 0  |8 P  |9 205525  |a BIBEDU  |b BIBEDU  |c BIBEDU_PB  |d 2019-11-15  |i 2734850  |o 377.82 NAV 1980  |p 2734850  |r 2024-01-25  |w 2019-11-15  |y BK  |k EDU 
952 |0 0  |1 0  |4 0  |6 377_820000000000000_NAV_1980  |7 0  |8 P  |9 205526  |a BIBEDU  |b BIBEDU  |c BIBEDU_PB  |d 2019-11-15  |i 2734869  |o 377.82 NAV 1980  |p 2734869  |r 2024-01-25  |w 2019-11-15  |y BK  |k EDU